000 00425nam a2200181Ia 4500
001 19764
005 20260306172716.0
008 260306t1991||||xx |||||||||||||| ||spa||
041 _aESP
082 _a341
_bV932
100 _aVecchio, Giorgio del
_eAUT
245 0 _aFilosofía del derecho
260 _c1991
300 _axxiv, 559 páginas :
_c22 cm.
650 _aGEN
654 _aCDE
942 _cLIB
_dJUS
_fJUS
_2ddc
_n
999 _c19764
_d19764